[Event "Doeberl Cup 47th"]
[Site "Canberra"]
[Date "2009.04.12"]
[Round "7"]
[White "Saw, Geoffrey"]
[Black "Zulfic, Fedja"]
[Result "1-0"]
[WhiteElo "2279"]
[BlackElo "1971"]
[PlyCount "79"]
[EventDate "2009.04.09"]
[EventType "swiss"]
[EventRounds "9"]
[EventCountry "AUS"]
[SourceTitle "CBM 129 Extra"]
[Source "ChessBase"]
[SourceDate "2009.05.05"]
[SourceVersion "2"]
[SourceVersionDate "2009.05.20"]
[SourceQuality "1"]

1. e4 d5 2. exd5 Nf6 3. d4 Bg4 4. Bb5+ Nbd7 5. Be2 Bxe2 6. Qxe2 Nxd5 7. c4 N5f6 8. Nf3 g6 9. 0-0 Bg7 10. Re1 Nb6 11. c5 Nbd5 12. Qb5+ Qd7 13. Qxb7 0-0 14. Ne5 Qf5 15. Nc3 e6 16. Nc6 Rae8 17. h3 Nxc3 18. bxc3 Nd5 19. Qxa7 Nxc3 20. Qxc7 Nd5 21. Qd6 Rc8 22. Be3 Kh8 23. a4 Rg8 24. a5 g5 25. Ne7 Nxe7 26. Qxe7 Bf6 27. Qb7 g4 28. hxg4 Qxg4 29. Kf1 Bxd4 30. Ra4 e5 31. Bxd4 exd4 32. Qe4 Qh5 33. Qxd4+ f6 34. Qxf6+ Rg7 35. Kg1 Kg8 36. Rae4 Rf8 37. Qe6+ Kh8 38. Qe5 Qg6 39. g3 Qf7 40. Rf4 1-0

[Event "Queenstown op"]
[Site "Queenstown"]
[Date "2009.01.24"]
[Round "10"]
[White "Johansen, Darryl Keith"]
[Black "Saw, Geoffrey"]
[Result "1-0"]
[WhiteElo "2455"]
[BlackElo "2257"]
[PlyCount "81"]
[EventDate "2009.01.15"]
[EventType "swiss"]
[EventRounds "10"]
[EventCountry "NZL"]
[SourceTitle "CBM 128 Extra"]
[Source "ChessBase"]
[SourceDate "2009.03.05"]
[SourceVersion "2"]
[SourceVersionDate "2009.03.25"]
[SourceQuality "1"]

1. c4 e5 2. Nc3 Nf6 3. g3 Bb4 4. Bg2 0-0 5. e4 Bxc3 6. dxc3 d6 7. Ne2 Be6 8. b3 a6 9. h3 b5 10. cxb5 axb5 11. f4 Na6 12. Be3 Nc5 13. fxe5 Nfxe4 14. b4 Rxa2 15. Rxa2 Bxa2 16. bxc5 Nxc5 17. 0-0 Bc4 18. Bd5 Nd3 19. Bxc4 bxc4 20. exd6 cxd6 21. Nf4 Re8 22. Bd4 Qg5 23. Qg4 Qxg4 24. hxg4 Ne5 25. g5 Ra8 26. Kg2 Ra5 27. Rb1 Ra2+ 28. Kh3 h6 29. gxh6 gxh6 30. g4 Kf8 31. Kg3 Ke8 32. Rh1 Nc6 33. Rxh6 Nxd4 34. cxd4 Kd7 35. Rh7 Rd2 36. Rxf7+ Ke8 37. Rc7 Rxd4 38. Kf3 d5 39. Rc5 Kd7 40. Rxd5+ Rxd5 41. Nxd5 1-0

[Event "Queenstown op"]
[Site "Queenstown"]
[Date "2009.01.22"]
[Round "8"]
[White "Brown, Andrew"]
[Black "Saw, Geoffrey"]
[Result "0-1"]
[WhiteElo "1987"]
[BlackElo "2257"]
[PlyCount "110"]
[EventDate "2009.01.15"]
[EventType "swiss"]
[EventRounds "10"]
[EventCountry "NZL"]
[SourceTitle "CBM 128 Extra"]
[Source "ChessBase"]
[SourceDate "2009.03.05"]
[SourceVersion "2"]
[SourceVersionDate "2009.03.25"]
[SourceQuality "1"]

1. d4 d5 2. c4 c6 3. Nf3 Nf6 4. Nc3 e6 5. Bg5 h6 6. Bxf6 Qxf6 7. e3 Nd7 8. a3 g6 9. b4 Bg7 10. b5 0-0 11. bxc6 bxc6 12. cxd5 exd5 13. Bd3 Nc5 14. Be2 Ne4 15. Nxe4 dxe4 16. Nd2 Re8 17. Rc1 Qg5 18. g3 Qa5 19. a4 Bh3 20. Rc5 Qb4 21. Bf1 Be6 22. Bc4 Bf8 23. Rxc6 Qb7 24. Rxe6 fxe6 25. Qg4 Kg7 26. Bb5 Bb4 27. Ke2 Bxd2 28. Kxd2 Rf8 29. Rc1 Rxf2+ 30. Ke1 Rf6 31. Qd1 a6 32. Bc6 Qb4+ 33. Ke2 Raf8 34. Bxe4 Rf2+ 35. Kd3 h5 36. h4 Ra2 37. Rc7+ Rf7 38. Rxf7+ Kxf7 39. Bc6 Ra3+ 40. Ke4 Qc4 41. Qf3+ Kg8 42. Ke5 Qc1 43. Kf4 Rc3 44. Be8 Rc8 45. Qe4 Qc7+ 46. Kf3 Rxe8 47. Qxg6+ Kf8 48. Qg5 Qf7+ 49. Ke2 Rc8 50. Qe5 Re8 51. Qd6+ Kg8 52. Qxa6 Rf8 53. Qb6 Qf1+ 54. Kd2 Rf2+ 55. Kc3 Qc1+ 0-1

[Event "Queenstown op"]
[Site "Queenstown"]
[Date "2009.01.20"]
[Round "6"]
[White "Bischoff, Klaus"]
[Black "Saw, Geoffrey"]
[Result "1-0"]
[WhiteElo "2545"]
[BlackElo "2257"]
[PlyCount "69"]
[EventDate "2009.01.15"]
[EventType "swiss"]
[EventRounds "10"]
[EventCountry "NZL"]
[SourceTitle "CBM 128 Extra"]
[Source "ChessBase"]
[SourceDate "2009.03.05"]
[SourceVersion "2"]
[SourceVersionDate "2009.03.25"]
[SourceQuality "1"]

1. Nf3 d5 2. c4 d4 3. g3 Nc6 4. Bg2 e5 5. 0-0 Nf6 6. d3 a5 7. Na3 Be7 8. Nc2 0-0 9. b3 Re8 10. a3 Bf5 11. Bb2 Qd7 12. Re1 Bh3 13. Bh1 Rad8 14. Qd2 Qd6 15. Rab1 h6 16. b4 axb4 17. axb4 Ra8 18. b5 Na5 19. e3 dxe3 20. Nxe3 e4 21. Nd4 c5 22. bxc6 Nxc6 23. dxe4 Bd8 24. Nd5 Ne5 25. Nb5 Qc5 26. Bd4 Nxc4 27. Qc1 Qc6 28. Nxf6+ gxf6 29. Qxh6 Qe6 30. Nc7 Bxc7 31. Bxf6 Qxf6 32. Qxf6 Ra6 33. Qd4 Rc6 34. e5 Bb6 35. Qh4 1-0

[Event "Queenstown op"]
[Site "Queenstown"]
[Date "2009.01.19"]
[Round "5"]
[White "Saw, Geoffrey"]
[Black "Van Delft, Merijn"]
[Result "1-0"]
[WhiteElo "2257"]
[BlackElo "2397"]
[PlyCount "105"]
[EventDate "2009.01.15"]
[EventType "swiss"]
[EventRounds "10"]
[EventCountry "NZL"]
[SourceTitle "CBM 128 Extra"]
[Source "ChessBase"]
[SourceDate "2009.03.05"]
[SourceVersion "2"]
[SourceVersionDate "2009.03.25"]
[SourceQuality "1"]

1. e4 g6 2. d4 Bg7 3. Nc3 a6 4. f4 b5 5. Nf3 Bb7 6. Bd3 d6 7. 0-0 Nd7 8. e5 e6 9. a4 b4 10. Ne4 Bxe4 11. Bxe4 d5 12. Bd3 c5 13. dxc5 Bf8 14. Be3 Bxc5 15. Qd2 Qb6 16. Bxc5 Qxc5+ 17. Kh1 Ne7 18. Rfc1 0-0 19. c3 bxc3 20. Rxc3 Qa5 21. b4 Qb6 22. a5 Qb7 23. Rac1 Rac8 24. Rxc8 Rxc8 25. Rxc8+ Nxc8 26. Qc3 Na7 27. Nd4 h5 28. h4 Kg7 29. g3 Kg8 30. Kg1 Kh7 31. Kf1 Kg8 32. Ke2 Kg7 33. Kd2 Kg8 34. Kc2 Kg7 35. Kb3 Kg8 36. Ka3 Kg7 37. Be2 Kg8 38. Ka4 Kg7 39. Bd3 Kg8 40. Ka3 Kg7 41. Bc2 Kf8 42. Ba4 Ke7 43. Nc6+ Nxc6 44. Qxc6 Qxc6 45. Bxc6 Nb8 46. Ba4 f6 47. b5 fxe5 48. fxe5 g5 49. hxg5 Kf7 50. b6 Kg6 51. Kb4 Kxg5 52. Kc5 Kg4 53. Bd1+ 1-0

[Event "Queenstown op"]
[Site "Queenstown"]
[Date "2009.01.17"]
[Round "3"]
[White "Saw, Geoffrey"]
[Black "Fitzpatrick, Andrew"]
[Result "1-0"]
[WhiteElo "2257"]
[BlackElo "2008"]
[PlyCount "65"]
[EventDate "2009.01.15"]
[EventType "swiss"]
[EventRounds "10"]
[EventCountry "NZL"]
[SourceTitle "CBM 128 Extra"]
[Source "ChessBase"]
[SourceDate "2009.03.05"]
[SourceVersion "2"]
[SourceVersionDate "2009.03.25"]
[SourceQuality "1"]

1. e4 d5 2. exd5 Qxd5 3. Nc3 Qd6 4. d4 Nf6 5. Nf3 a6 6. g3 b5 7. Bg2 Bb7 8. 0-0 e6 9. Bf4 Qb6 10. a4 Bd6 11. Bxd6 cxd6 12. axb5 axb5 13. Qd3 Rxa1 14. Rxa1 Ba6 15. b4 0-0 16. Ng5 Nbd7 17. Ra5 Rc8 18. Ne2 h6 19. Ne4 Nxe4 20. Bxe4 Nf6 21. Bf3 Rc4 22. c3 Bb7 23. h4 g6 24. Nf4 Kg7 25. Qe3 Bxf3 26. Qxf3 Qc7 27. Rxb5 Rxc3 28. Rb7 Rc1+ 29. Kh2 Qc4 30. d5 Qf1 31. Nxe6+ Kg8 32. Rb8+ Kh7 33. Rh8+ 1-0

[Event "AUS-ch"]
[Site "Melbourne"]
[Date "2002.01.09"]
[Round "11"]
[White "Rujevic, Mirko"]
[Black "Saw, Geoffrey"]
[Result "1/2-1/2"]
[WhiteElo "2324"]
[BlackElo "2179"]
[PlyCount "36"]
[EventDate "2001.12.01"]
[EventType "swiss"]
[EventRounds "11"]
[EventCountry "AUS"]
[SourceTitle "EXT 2003"]
[Source "ChessBase"]
[SourceDate "2002.11.25"]
[SourceVersion "1"]
[SourceVersionDate "2002.11.25"]
[SourceQuality "1"]

1. e4 d5 2. exd5 Nf6 3. d4 Bg4 4. Nf3 Nxd5 5. Be2 Nc6 6. h3 Bxf3 7. Bxf3 Qd7 8. c3 0-0-0 9. 0-0 e5 10. dxe5 Nxe5 11. Bxd5 Qxd5 12. Qe2 Bc5 13. Nd2 Nd3 14. Nb3 Nxc1 15. Raxc1 Bd6 16. Qc2 Rhe8 17. Rfe1 Rxe1+ 18. Rxe1 g6 1/2-1/2

[Event "AUS-ch"]
[Site "Melbourne"]
[Date "2002.01.05"]
[Round "8"]
[White "Saw, Geoffrey"]
[Black "Bonham, Kevin"]
[Result "1-0"]
[WhiteElo "2236"]
[BlackElo "1879"]
[PlyCount "79"]
[EventDate "2001.12.01"]
[EventType "swiss"]
[EventRounds "11"]
[EventCountry "AUS"]
[SourceTitle "EXT 2003"]
[Source "ChessBase"]
[SourceDate "2002.11.25"]
[SourceVersion "1"]
[SourceVersionDate "2002.11.25"]
[SourceQuality "1"]

1. e4 e6 2. d4 d5 3. Nc3 Bb4 4. exd5 exd5 5. Bd3 Nf6 6. Bg5 Be6 7. Nge2 c6 8. Qd2 h6 9. Bh4 Ne4 10. Bxd8 Nxd2 11. Bh4 Ne4 12. 0-0 Nxc3 13. Nxc3 Bd6 14. Rae1 0-0 15. f4 b6 16. f5 Bc8 17. Be7 Bxe7 18. Rxe7 Ba6 19. Rfe1 Bxd3 20. cxd3 Na6 21. a3 Rfc8 22. Rb7 Rc7 23. Re7 Rxe7 24. Rxe7 Kf8 25. Rd7 Ke8 26. Rb7 Nb8 27. Rc7 Na6 28. Rb7 Nb8 29. f6 gxf6 30. Rc7 Kf8 31. Rc8+ Ke7 32. h4 Kd7 33. Rf8 Ke7 34. Rh8 Kd6 35. Kf2 c5 36. Kg3 cxd4 37. Ne2 Kc7 38. Rf8 Kb7 39. Rxf7+ Kc6 40. Nxd4+ 1-0

[Event "AUS-ch"]
[Site "Melbourne"]
[Date "2002.01.02"]
[Round "5"]
[White "Smerdon, David"]
[Black "Saw, Geoffrey"]
[Result "1-0"]
[WhiteElo "2326"]
[BlackElo "2236"]
[PlyCount "65"]
[EventDate "2001.12.01"]
[EventType "swiss"]
[EventRounds "11"]
[EventCountry "AUS"]
[SourceTitle "EXT 2003"]
[Source "ChessBase"]
[SourceDate "2002.11.25"]
[SourceVersion "1"]
[SourceVersionDate "2002.11.25"]
[SourceQuality "1"]

1. e4 e5 2. Nf3 Nc6 3. Bc4 Nf6 4. d4 exd4 5. 0-0 Nxe4 6. Re1 d5 7. Bxd5 Qxd5 8. Nc3 Qh5 9. Nxe4 Be6 10. Bg5 h6 11. Bf6 Qg6 12. Nh4 Qg4 13. Qd3 Be7 14. Bxe7 Nxe7 15. Qb5+ Kf8 16. g3 Bd5 17. Qb4 Bxe4 18. f3 Qc8 19. Rxe4 c5 20. Qc4 Nf5 21. Rf4 g6 22. Re1 Qc6 23. Nxf5 gxf5 24. Re5 b5 25. Qxc5+ Qxc5 26. Rxc5 d3 27. cxd3 Rd8 28. Rcxf5 Rxd3 29. Rxf7+ Kg8 30. Rxa7 Rd1+ 31. Kg2 Rd2+ 32. Kh3 Rxb2 33. Rd4 1-0

[Event "AUS-ch"]
[Site "Melbourne"]
[Date "2001.12.31"]
[Round "4"]
[White "Saw, Geoffrey"]
[Black "Wilkins, Michael"]
[Result "1/2-1/2"]
[WhiteElo "2236"]
[BlackElo "2006"]
[PlyCount "66"]
[EventDate "2001.12.01"]
[EventType "swiss"]
[EventRounds "11"]
[EventCountry "AUS"]
[SourceTitle "EXT 2003"]
[Source "ChessBase"]
[SourceDate "2002.11.25"]
[SourceVersion "1"]
[SourceVersionDate "2002.11.25"]
[SourceQuality "1"]

1. e4 e5 2. Nf3 Nc6 3. Bb5 a6 4. Bxc6 dxc6 5. Nc3 Bd6 6. d4 Qe7 7. dxe5 Bxe5 8. Nxe5 Qxe5 9. Be3 Nf6 10. Qd4 Qxd4 11. Bxd4 0-0 12. 0-0-0 Be6 13. f4 Rad8 14. Be5 Rxd1+ 15. Rxd1 Ne8 16. f5 f6 17. Bf4 Bc8 18. a4 Kf7 19. g4 g6 20. Rd3 Ke7 21. Rh3 Rf7 22. Rh6 gxf5 23. gxf5 Nd6 24. Bg3 Kf8 25. b3 b6 26. Kd2 Bb7 27. Kd3 Kg7 28. Rh4 Rd7 29. Rg4+ Kf7 30. Ke3 Re7 31. Kf3 c5 32. Rh4 Kg7 33. Rg4+ Kf7 1/2-1/2

[Event "AUS-ch"]
[Site "Melbourne"]
[Date "2001.12.30"]
[Round "3"]
[White "Booth, Stewart"]
[Black "Saw, Geoffrey"]
[Result "1/2-1/2"]
[WhiteElo "2181"]
[BlackElo "2236"]
[PlyCount "80"]
[EventDate "2001.12.01"]
[EventType "swiss"]
[EventRounds "11"]
[EventCountry "AUS"]
[SourceTitle "EXT 2003"]
[Source "ChessBase"]
[SourceDate "2002.11.25"]
[SourceVersion "1"]
[SourceVersionDate "2002.11.25"]
[SourceQuality "1"]

1. d4 d5 2. Nf3 c6 3. c4 Nf6 4. Nc3 dxc4 5. a4 Bf5 6. e3 e6 7. Bxc4 Bb4 8. 0-0 0-0 9. Qb3 Qe7 10. h3 c5 11. Nh4 Be4 12. Nxe4 Nxe4 13. Nf3 Nc6 14. Qc2 Nf6 15. Ne5 Rac8 16. Nxc6 Rxc6 17. Qe2 cxd4 18. exd4 Rd8 19. Rd1 Rcd6 20. Be3 Ba5 21. Rd3 Nd5 22. Rad1 Nb4 23. R3d2 Nc6 24. Rd3 Nb4 25. R3d2 Nd5 26. Rd3 Bb6 27. Qd2 a5 28. Bg5 f6 29. Bf4 Rc6 30. Bb5 Nxf4 31. Qxf4 Rc2 32. R3d2 e5 33. dxe5 Rdxd2 34. Rxd2 fxe5 35. Bc4+ Kh8 36. Rd7 Rxf2 37. Rxe7 Rxf4+ 38. Kh1 g6 39. b3 Bc5 40. Rxe5 b6 1/2-1/2

[Event "Box Hill op"]
[Site "Box Hill"]
[Date "2001.09.28"]
[Round "4.2"]
[White "Nemeth, Janos2222"]
[Black "Saw, Geoffrey"]
[Result "1/2-1/2"]
[WhiteElo "1814"]
[BlackElo "2170"]
[PlyCount "123"]
[EventDate "2001.09.??"]
[EventType "swiss"]
[EventRounds "7"]
[EventCountry "AUS"]
[SourceTitle "EXT 2003"]
[Source "ChessBase"]
[SourceDate "2002.11.25"]
[SourceVersion "1"]
[SourceVersionDate "2002.11.25"]
[SourceQuality "1"]

1. e4 e6 2. d4 d5 3. exd5 exd5 4. Bd3 Nc6 5. Nf3 Bg4 6. c3 Bd6 7. 0-0 Nge7 8. Nbd2 Qd7 9. Qc2 0-0-0 10. b4 Bf5 11. a4 Bxd3 12. Qxd3 Qf5 13. Qxf5+ Nxf5 14. Nb3 f6 15. b5 Nb8 16. Ba3 g5 17. Bxd6 Nxd6 18. Rfe1 Nd7 19. Nfd2 Rde8 20. Kf1 Kd8 21. f3 Rxe1+ 22. Rxe1 Re8 23. Rxe8+ Kxe8 24. Ke2 Ke7 25. Kd3 b6 26. Nc1 Nb8 27. Na2 c5 28. dxc5 bxc5 29. c4 d4 30. Ne4 Nd7 31. Nxd6 Kxd6 32. Kc2 Ne5 33. Kb3 Nd3 34. a5 h5 35. a6 Kc7 36. g3 h4 37. f4 gxf4 38. gxf4 Nf2 39. Nc1 Ng4 40. Nd3 Nxh2 41. Nxc5 Nf3 42. Ne6+ Kb8 43. c5 Nd2+ 44. Kb4 Ne4 45. Nxd4 h3 46. Nf3 Kc7 47. Nh2 f5 48. Kc4 Nf6 49. Nf1 Nh5 50. b6+ axb6 51. a7 Kb7 52. cxb6 Nxf4 53. Kc5 Nd3+ 54. Kd6 f4 55. Nh2 Nb4 56. Kd7 Nd5 57. Ke6 Nxb6 58. Ke5 f3 59. Nxf3 Nc4+ 60. Kf4 Nd2 61. Kg3 Nxf3 62. Kxh3 1/2-1/2

[Event "Box Hill op"]
[Site "Box Hill"]
[Date "2001.09.10"]
[Round "1.47"]
[White "Saw, Geoffrey"]
[Black "O'Connor, Phillip"]
[Result "1-0"]
[WhiteElo "2170"]
[BlackElo "1474"]
[PlyCount "79"]
[EventDate "2001.09.??"]
[EventType "swiss"]
[EventRounds "7"]
[EventCountry "AUS"]
[SourceTitle "EXT 2003"]
[Source "ChessBase"]
[SourceDate "2002.11.25"]
[SourceVersion "1"]
[SourceVersionDate "2002.11.25"]
[SourceQuality "1"]

1. d4 Nf6 2. c4 c5 3. d5 b5 4. Nf3 g6 5. cxb5 a6 6. Qc2 d6 7. e4 Bg7 8. Nc3 Nbd7 9. a4 0-0 10. Be2 axb5 11. Bxb5 Ng4 12. 0-0 Nge5 13. Nxe5 Nxe5 14. f4 Nd7 15. Bc6 Ba6 16. Bxa8 Bd4+ 17. Kh1 Bxf1 18. Bb7 c4 19. Qd1 Bd3 20. Nb5 Qb6 21. Nxd4 Qxd4 22. Qg1 Qxg1+ 23. Kxg1 Bxe4 24. Be3 e6 25. a5 Bxd5 26. Bxd5 exd5 27. Rd1 Ra8 28. Rxd5 Ra6 29. Rb5 Kf8 30. Rb7 Ke8 31. Ra7 Rxa7 32. Bxa7 Kd8 33. Kf2 Kc7 34. Ke3 Kb7 35. Bd4 Ka6 36. Bc3 Nc5 37. Kd4 Nb3+ 38. Kxc4 Nxa5+ 39. Bxa5 Kxa5 40. Kd5 1-0

[Event "Gold Coast Parkroyal op"]
[Site "Gold Coast"]
[Date "2000.06.10"]
[Round "4"]
[White "Caoili, Arianne"]
[Black "Saw, Geoffrey"]
[Result "1/2-1/2"]
[WhiteElo "2078"]
[BlackElo "2264"]
[PlyCount "81"]
[EventDate "2000.06.07"]
[EventType "swiss"]
[EventRounds "9"]
[EventCountry "AUS"]
[SourceTitle "CBM 076 Extra"]
[Source "ChessBase"]
[SourceDate "2000.07.11"]
[SourceVersion "1"]
[SourceVersionDate "2000.07.11"]
[SourceQuality "1"]

1. d4 d5 2. Nf3 Nf6 3. c4 c6 4. Nc3 dxc4 5. a4 Bf5 6. Nh4 e6 7. Nxf5 exf5 8. e3 a5 9. Bxc4 Na6 10. h3 Qd7 11. 0-0 Nb4 12. Qb3 Bd6 13. Rd1 0-0 14. Bd2 h6 15. Be1 Qe7 16. d5 Qe5 17. g3 g5 18. dxc6 bxc6 19. Ne2 Ne4 20. Bc3 Qe7 21. Nd4 Qd7 22. Re1 Rab8 23. Qd1 Be5 24. Qh5 Bg7 25. Rad1 Nd5 26. Nxc6 Qxc6 27. Bxd5 Qxa4 28. Bd4 Qc2 29. Bxe4 Qxe4 30. Bxg7 Kxg7 31. Rd6 Rh8 32. Rd7 Qe6 33. Red1 Rb6 34. Ra7 Ra6 35. Rb7 Rb6 36. Ra7 Ra6 37. Rb7 Rb6 38. Ra7 Ra6 39. Rdd7 Rxa7 40. Rxa7 Qd5 41. Ra6 1/2-1/2

[Event "Australian Masters"]
[Site "Melbourne"]
[Date "1999.07.08"]
[Round "10"]
[White "Saw, Geoffrey"]
[Black "Lane, Gary William"]
[Result "1/2-1/2"]
[WhiteElo "2205"]
[BlackElo "2411"]
[PlyCount "44"]
[EventDate "1999.??.??"]
[EventType "tourn"]
[EventRounds "11"]
[EventCountry "AUS"]
[EventCategory "1"]
[SourceTitle "EXT 2001"]
[Source "ChessBase"]
[SourceDate "2000.11.22"]
[SourceVersion "1"]
[SourceVersionDate "2000.11.22"]
[SourceQuality "1"]

1. e4 e5 2. Nf3 Nc6 3. Bb5 a6 4. Bxc6 dxc6 5. Nc3 Bd6 6. d4 exd4 7. Qxd4 f6 8. 0-0 Be6 9. Re1 Ne7 10. e5 fxe5 11. Nxe5 0-0 12. Bg5 Nf5 13. Qd2 Qe8 14. Nf3 Qg6 15. Ne5 Bxe5 16. Rxe5 h6 17. Rae1 Rae8 18. Bf4 Nd6 19. b3 Bf5 20. Rxe8 Rxe8 21. Rxe8+ Qxe8 22. Ne2 Qg6 1/2-1/2

[Event "Australian Masters"]
[Site "Melbourne"]
[Date "1999.06.30"]
[Round "3"]
[White "Depasquale, Chris"]
[Black "Saw, Geoffrey"]
[Result "0-1"]
[WhiteElo "2302"]
[BlackElo "2205"]
[PlyCount "68"]
[EventDate "1999.??.??"]
[EventType "tourn"]
[EventRounds "11"]
[EventCountry "AUS"]
[EventCategory "1"]
[SourceTitle "EXT 2001"]
[Source "ChessBase"]
[SourceDate "2000.11.22"]
[SourceVersion "1"]
[SourceVersionDate "2000.11.22"]
[SourceQuality "1"]

1. e4 c5 2. c4 Nc6 3. Nc3 g6 4. g3 Bg7 5. Bg2 e6 6. Nge2 Nge7 7. 0-0 0-0 8. d3 d6 9. f4 a6 10. Be3 Nd4 11. Qd2 Rb8 12. Rae1 b5 13. b3 Bd7 14. Kh1 Bc6 15. Bg1 b4 16. Nd1 Nxe2 17. Rxe2 Qb6 18. g4 f5 19. Qe1 Rbe8 20. Qh4 Qb7 21. gxf5 exf5 22. Qg3 fxe4 23. dxe4 Nf5 24. Qd3 Nh4 25. Qxd6 Nxg2 26. Kxg2 Bxe4+ 27. Kg3 Be5 28. Qxc5 Bxf4+ 29. Rxf4 Rxf4 30. Kxf4 Qf7+ 31. Ke3 Bf3+ 32. Kd2 Rxe2+ 33. Kd3 Qe6 34. Nf2 Qd7+ 0-1

[Event "Australian Masters"]
[Site "Melbourne"]
[Date "1999.06.29"]
[Round "2"]
[White "Saw, Geoffrey"]
[Black "Allen, Andrew"]
[Result "0-1"]
[WhiteElo "2205"]
[BlackElo "2261"]
[PlyCount "63"]
[EventDate "1999.??.??"]
[EventType "tourn"]
[EventRounds "11"]
[EventCountry "AUS"]
[EventCategory "1"]
[SourceTitle "EXT 2001"]
[Source "ChessBase"]
[SourceDate "2000.11.22"]
[SourceVersion "1"]
[SourceVersionDate "2000.11.22"]
[SourceQuality "1"]

1. e4 c6 2. d4 d5 3. e5 Bf5 4. g4 Be4 5. f3 Bg6 6. Ne2 e6 7. h4 h6 8. Be3 Qb6 9. Nbc3 c5 10. Nf4 Bh7 11. Qd2 Nd7 12. Bb5 cxd4 13. Bxd4 Qa5 14. g5 0-0-0 15. 0-0-0 Ne7 16. gxh6 gxh6 17. Bd3 Bxd3 18. Qxd3 Nf5 19. Nfxd5 Nxd4 20. Qxd4 Bc5 21. Qc4 exd5 22. Rxd5 Qb4 23. Qxb4 Bxb4 24. Nb5 a6 25. Nd6+ Bxd6 26. exd6 Rhe8 27. c4 Re2 28. c5 Rg8 29. Rh5 Rgg2 30. Rxh6 Nxc5 31. Rd1 Rc2+ 32. Kb1 0-1

[Event "Oceania zt"]
[Site "Gold Coast"]
[Date "1999.04.20"]
[Round "8"]
[White "Stawski, Nikolai"]
[Black "Saw, Geoffrey"]
[Result "0-1"]
[WhiteElo "2045"]
[BlackElo "2205"]
[PlyCount "58"]
[EventDate "1999.04.13"]
[EventType "swiss"]
[EventRounds "9"]
[EventCountry "AUS"]
[SourceTitle "CBM 069 Extra"]
[Source "ChessBase"]
[SourceDate "1999.05.10"]
[SourceVersion "1"]
[SourceVersionDate "1999.05.10"]
[SourceQuality "1"]

1. e4 c5 2. d4 cxd4 3. c3 dxc3 4. Nxc3 Nc6 5. Nf3 d6 6. Bc4 a6 7. 0-0 Nf6 8. Qe2 Bg4 9. h3 Bxf3 10. gxf3 Qc8 11. Kg2 e6 12. f4 Be7 13. Be3 0-0 14. Rac1 Qd8 15. Kh2 Qa5 16. Rg1 d5 17. Bd3 d4 18. e5 Nxe5 19. b4 Bxb4 20. Bxd4 Ng6 21. Ne4 Nxe4 22. Bxe4 Rad8 23. Rg5 b5 24. Qb2 Ba3 25. Qa1 Bxc1 26. Bxg7 Bxf4+ 27. Rg3 Bxg3+ 28. Kxg3 Qc7+ 29. Kf3 Qf4+ 0-1

[Event "Oceania zt"]
[Site "Gold Coast"]
[Date "1999.04.18"]
[Round "6"]
[White "Smerdon, David"]
[Black "Saw, Geoffrey"]
[Result "1-0"]
[WhiteElo "2173"]
[BlackElo "2205"]
[PlyCount "121"]
[EventDate "1999.04.13"]
[EventType "swiss"]
[EventRounds "9"]
[EventCountry "AUS"]
[SourceTitle "CBM 069 Extra"]
[Source "ChessBase"]
[SourceDate "1999.05.10"]
[SourceVersion "1"]
[SourceVersionDate "1999.05.10"]
[SourceQuality "1"]

1. e4 c5 2. c3 d5 3. exd5 Qxd5 4. d4 Nc6 5. Nf3 Bg4 6. Be2 cxd4 7. cxd4 e6 8. 0-0 Nf6 9. h3 Bh5 10. Nc3 Qa5 11. Be3 Rd8 12. Qb3 Qb4 13. Rfd1 Be7 14. g4 Bg6 15. Ne5 Qxb3 16. axb3 Bc2 17. Rdc1 Bxb3 18. Bb5 0-0 19. Bxc6 bxc6 20. Rxa7 Bd6 21. Nxc6 Ra8 22. Rb7 Rfc8 23. Rxb3 Rxc6 24. Kg2 Kf8 25. Kf3 Rb8 26. Rxb8+ Bxb8 27. Ra1 Rb6 28. Ra2 Rb3 29. Ke2 Ke7 30. Kd3 h5 31. gxh5 Nxh5 32. Kc4 Rb7 33. Ra5 f5 34. Bg5+ Kd7 35. Na4 Bd6 36. Rb5 Rxb5 37. Kxb5 Bf4 38. h4 e5 39. Nb6+ Ke6 40. Kc5 exd4 41. Bxf4 Nxf4 42. Kxd4 Ng6 43. h5 Nf4 44. b4 Nxh5 45. Nd5 Kd6 46. b5 g6 47. b6 Kc6 48. Ke5 Ng7 49. Kf6 Ne8+ 50. Ke7 Nd6 51. Nb4+ Kc5 52. Kd7 Nb7 53. Kc7 Na5 54. Nd3+ Kd4 55. Nf4 g5 56. Ne6+ Kd3 57. Nxg5 f4 58. f3 Ke3 59. b7 Nxb7 60. Kxb7 Kd4 61. Kc6 1-0

[Event "Oceania zt"]
[Site "Gold Coast"]
[Date "1999.04.17"]
[Round "5"]
[White "Saw, Geoffrey"]
[Black "Tindall, Brett"]
[Result "1-0"]
[WhiteElo "2205"]
[BlackElo "2250"]
[PlyCount "65"]
[EventDate "1999.04.13"]
[EventType "swiss"]
[EventRounds "9"]
[EventCountry "AUS"]
[SourceTitle "CBM 069 Extra"]
[Source "ChessBase"]
[SourceDate "1999.05.10"]
[SourceVersion "1"]
[SourceVersionDate "1999.05.10"]
[SourceQuality "1"]

1. d4 Nf6 2. c4 e6 3. Nc3 Bb4 4. Qc2 0-0 5. e4 c5 6. e5 cxd4 7. a3 Qa5 8. axb4 Qxa1 9. exf6 dxc3 10. fxg7 Re8 11. Qxc3 Nc6 12. Ne2 a5 13. b5 Nb4 14. g3 d5 15. Bg2 Na2 16. Qa3 Qb1 17. 0-0 Nxc1 18. Rxc1 Qg6 19. cxd5 Qxg7 20. d6 Rd8 21. Nc3 Qd4 22. Rd1 Qb4 23. Ne4 Bd7 24. Nf6+ Kg7 25. Nh5+ Kh6 26. Qe3+ Kxh5 27. Rd4 Qxd4 28. Qxd4 Rac8 29. h4 Kg6 30. h5+ Kxh5 31. Qg7 Rc1+ 32. Kh2 Be8 33. Bf3# 1-0

[Event "Oceania zt"]
[Site "Gold Coast"]
[Date "1999.04.16"]
[Round "4"]
[White "Ilic, Ilija"]
[Black "Saw, Geoffrey"]
[Result "0-1"]
[WhiteElo "2115"]
[BlackElo "2205"]
[PlyCount "44"]
[EventDate "1999.04.13"]
[EventType "swiss"]
[EventRounds "9"]
[EventCountry "AUS"]
[SourceTitle "CBM 069 Extra"]
[Source "ChessBase"]
[SourceDate "1999.05.10"]
[SourceVersion "1"]
[SourceVersionDate "1999.05.10"]
[SourceQuality "1"]

1. d4 Nf6 2. Nc3 d5 3. Bf4 e6 4. Qd2 a6 5. f3 c5 6. e3 Nc6 7. 0-0-0 c4 8. Bg5 Be7 9. e4 b5 10. Bxf6 Bxf6 11. exd5 exd5 12. Qe1+ Be6 13. f4 0-0 14. Nf3 b4 15. Nb1 Qa5 16. Ne5 Bxe5 17. dxe5 Qxa2 18. Qf2 d4 19. Rxd4 Nxd4 20. Qxd4 Rfd8 21. Qe4 c3 22. bxc3 bxc3 0-1

[Event "Begonia op 33rd"]
[Site "Ballarat"]
[Date "1999.03.08"]
[Round "7"]
[White "Saw, Geoffrey"]
[Black "Rujevic, Mirko"]
[Result "1-0"]
[WhiteElo "2210"]
[BlackElo "2280"]
[PlyCount "73"]
[EventDate "1999.03.06"]
[EventType "swiss"]
[EventRounds "7"]
[EventCountry "AUS"]
[SourceTitle "EXT 2019"]
[Source "ChessBase"]
[SourceDate "2018.10.10"]
[SourceVersion "1"]
[SourceVersionDate "2018.10.10"]
[SourceQuality "1"]

1. e4 c5 2. Nf3 d6 3. Bb5+ Bd7 4. Bxd7+ Qxd7 5. 0-0 g6 6. c3 Bg7 7. d4 e6 8. Be3 b6 9. Na3 Nf6 10. e5 dxe5 11. Nxe5 Qc8 12. dxc5 0-0 13. cxb6 axb6 14. Bxb6 Nd5 15. Bd4 Rd8 16. Qf3 f6 17. Nec4 Nd7 18. Qe4 Ra6 19. Ne3 Ne7 20. Nec2 f5 21. Qh4 Bf8 22. Nb4 e5 23. Nxa6 Qxa6 24. Rfe1 Nc6 25. Bxe5 Ncxe5 26. Qxd8 Kf7 27. Rad1 Qa4 28. f4 Be7 29. Rxd7 Qxd7 30. Qxd7 Nxd7 31. Nc4 Bc5+ 32. Kf1 Nf6 33. Ne5+ Kg7 34. b4 Bb6 35. a4 Ne4 36. a5 Ba7 37. Nc6 1-0